|
|
|
|
| LEADER |
00000nam0a2200000 4500 |
| 001 |
193537 |
| 005 |
20231101224508.0 |
| 010 |
|
|
|a 9785803704737
|
| 035 |
|
|
|a (RuTPU)RU\TPU\book\211081
|
| 090 |
|
|
|a 193537
|
| 100 |
|
|
|a 20110324d2010 k y0rusy50 ca
|
| 101 |
0 |
|
|a rus
|
| 102 |
|
|
|a RU
|
| 105 |
|
|
|a a z 001zy
|
| 200 |
1 |
|
|a Эколого-экономическая деятельность предприятий при техногенезе и чрезвычайных ситуациях
|f Н. М. Чернавская [и др.]
|g Московский государственный университет им. М. В. Ломоносова (МГУ)
|
| 210 |
|
|
|a Москва
|c Янус-К
|d 2010
|
| 215 |
|
|
|a 332 с.
|c ил.
|
| 320 |
|
|
|a Библиогр.: с. 309-321.
|
| 330 |
|
|
|a Книга касается проблем, получившим в последние 10 — 15 лет активное развитие. Речь идет об эколого-экономических взаимодействиях и о загрязнении окружающей среды. Регулирование природопользования давно стало предметом многих экологических проблем и задач. Именно поэтому в последние десятилетия сформировалось новое научное направление эколого-экономических задач, которые все больше претендуют на двуединое объединение экологии и экономики. Основная причина тому растущее загрязнение трех сред жизненно необходимых в природопользовании — атмосферы, почвы и воды. Настало время пересмотра традиционных производственных принципов отношения к экологии и разработки новых технологий с расчетом затрат и учета ущерба наносимого окружающей среде и здоровью населения. Это особенно четко проявляется в крупных городах, где уровни загрязнения атмосферы, воды и почвы превышают стандартные критерии безопасности для здоровья населения.Для России большую роль в загрязнении играет химическая безопасность, поскольку хранение и использование нефти и газа одна из природных и экономических основ государства. Химическая безопасность должна входить в эколого-экономические программы и программы национальной безопасности. Эколого-экопомические проблемы требуют нестандартных подходов. Главная цель их гармония экономических и экологических стратегий, впервые рассмотренных в концепции устойчивого развития и обсуждавшихся Международной комиссией по окружающей среде ООН в 1987 г. Ее можно определить как социо-экономическую модель сохранения мира и природных богатств на планете.
|
| 330 |
|
|
|a В 1992 г. на конференции в Рио-де Жанейро сложилось понятие «устойчивое развитие». Согласно общепринятым представлениям это понятие рассматривается как социально-экономическая модель, которая одновременно учитывает разумное удовлетворение потребностей социума при оптимальном использовании природных ресурсов и Природных богатств при развитии новых производственных технологий с учетом экологизации экономики. Ведь общество всегда зависило от природных ресурсов, но практически это никогда не учитывалось в экономике. Известный американский ученый Лестер Браун считает, что если мировое сообщество будет обеспокоено в первую очередь физической деградацией планеты, то организующим принципом нового мирового порядка станет принцип «экологической безопасности» и на первом плане во всем мире окажутся не идеологические, а экологические проблемы и доминировать будут не отношения между нациями, а отношения между нациями и природой.
|
| 606 |
1 |
|
|a Промышленная экология
|2 stltpush
|3 (RuTPU)RU\TPU\subj\52249
|9 70735
|
| 606 |
1 |
|
|a Экология
|x Экономические основы
|2 stltpush
|3 (RuTPU)RU\TPU\subj\37302
|9 58380
|
| 610 |
1 |
|
|a экологическая деятельность
|
| 610 |
1 |
|
|a экономическая деятельность
|
| 610 |
1 |
|
|a предприятия
|
| 610 |
1 |
|
|a техногенез
|
| 610 |
1 |
|
|a чрезвычайные ситуации
|
| 610 |
1 |
|
|a окружающая среда
|
| 610 |
1 |
|
|a антропогенные воздействия
|
| 610 |
1 |
|
|a экологический ущерб
|
| 610 |
1 |
|
|a выбросы в атмосферу
|
| 610 |
1 |
|
|a экономические показатели
|
| 610 |
1 |
|
|a эластичность
|
| 610 |
1 |
|
|a прибыль
|
| 610 |
1 |
|
|a регионы
|
| 610 |
1 |
|
|a математические модели
|
| 610 |
1 |
|
|a экологический мониторинг
|
| 610 |
1 |
|
|a экологические риски
|
| 610 |
1 |
|
|a нефть
|
| 610 |
1 |
|
|a разлив
|
| 610 |
1 |
|
|a экологические катастрофы
|
| 610 |
1 |
|
|a анализ
|
| 610 |
1 |
|
|a оценка
|
| 675 |
|
|
|a 504.064
|v 3
|
| 686 |
|
|
|a У9(2)28
|v LBC/SL-A
|2 rubbk
|
| 701 |
|
1 |
|a Чернавская
|b Н. М.
|g Нина Михайловна
|
| 701 |
|
1 |
|a Плескачева
|b Т. Б.
|g Тамара Борисовна
|
| 701 |
|
1 |
|a Васильева
|b Л. Ю.
|g Людмила Юрьевна
|
| 701 |
|
1 |
|a Домбровская
|b В. Е.
|g Вероника Евгеньевна
|
| 712 |
0 |
2 |
|a Московский государственный университет им. М. В. Ломоносова (МГУ)
|2 stltpush
|3 (RuTPU)RU\TPU\col\7
|
| 801 |
|
1 |
|a RU
|b 63413507
|c 20110324
|
| 801 |
|
2 |
|a RU
|b 63413507
|c 20120210
|g RCR
|
| 942 |
|
|
|c BK
|